[Event "Asian Games tt (Women)"]
[Site "Hangzhou"]
[Date "2023.10.06"]
[Round "8.12"]
[White "Nurmanova, Alua"]
[Black "You, Garam"]
[Result "1-0"]
[WhiteElo "2347"]
[BlackElo "1410"]
[PlyCount "61"]
[EventDate "2023.09.29"]
[EventType "team-tourn"]
[EventRounds "9"]
[EventCountry "CHN"]
[SourceTitle "EXT 2024"]
[Source "ChessBase"]
[SourceDate "2023.10.10"]
[SourceVersion "1"]
[SourceVersionDate "2023.10.10"]
[SourceQuality "1"]
[WhiteTeam "Kazakhstan (W)"]
[BlackTeam "Korea (W)"]
[WhiteTeamCountry "KAZ"]
[BlackTeamCountry "KOR"]

1. e4 c6 2. d4 d5 3. e5 c5 4. dxc5 e6 5. a3 Bxc5 6. b4 Be7 7. Bb2 Nc6 8. Qg4 g5 9. Bd3 h5 10. Qe2 Qb6 11. Nd2 Bd7 12. c4 d4 13. c5 Qc7 14. Nc4 Rh6 15. Nf3 f6 16. exf6 Bxf6 17. Nd6+ Kf8 18. Ne4 g4 19. Nxf6 gxf3 20. Nxd7+ Qxd7 21. Qxf3+ Qf7 22. Qe2 e5 23. 0-0 a6 24. Bc1 Rh8 25. f4 e4 26. Bxe4 Re8 27. Qd3 Qe7 28. Bg6 Rd8 29. Bd2 Nf6 30. Rae1 Qc7 31. Qf5 1-0

[Event "Olympiad Women-44"]
[Site "Chennai"]
[Date "2022.08.07"]
[Round "9.4"]
[White "You, Garam"]
[Black "Malan, Lucia"]
[Result "0-1"]
[WhiteElo "1407"]
[BlackElo "1741"]
[PlyCount "52"]
[EventDate "2022.07.29"]
[EventType "team-swiss"]
[EventRounds "11"]
[EventCountry "IND"]
[SourceTitle "CBM 210"]
[Source "ChessBase"]
[SourceDate "2022.10.31"]
[SourceVersion "1"]
[SourceVersionDate "2022.10.31"]
[SourceQuality "1"]
[WhiteTeam "South Korea (W)"]
[BlackTeam "Uruguay (W)"]
[WhiteTeamCountry "KOR"]
[BlackTeamCountry "URU"]

1. d4 d5 2. c4 e6 3. Nc3 Nf6 4. Nf3 Be7 5. Bf4 0-0 6. e3 b6 7. Bd3 Bb7 8. 0-0 c5 9. cxd5 exd5 10. Rc1 Nbd7 11. Qe2 Ne4 12. Nd2 Ndf6 13. Ndxe4 dxe4 14. Bb1 cxd4 15. exd4 Qxd4 16. Nb5 Qa4 17. b3 Qa5 18. Rc7 Ba6 19. a4 Rfe8 20. Rd1 Qb4 21. Qb2 Red8 22. Bd2 Bxb5 23. axb5 Bc5 24. Qc2 Qd4 25. Qc1 Qxf2+ 26. Kh1 Qe2 0-1

[Event "Prague op-B 18th"]
[Site "Prague"]
[Date "2019.01.12"]
[Round "2"]
[White "You, Garam"]
[Black "Stepanek, Svatopluk"]
[Result "1-0"]
[WhiteElo "1414"]
[BlackElo "1787"]
[PlyCount "35"]
[EventDate "2019.01.11"]
[EventType "swiss"]
[EventRounds "9"]
[EventCountry "CZE"]
[SourceTitle "CBM 188 Extra"]
[Source "ChessBase"]
[SourceDate "2019.02.26"]
[SourceVersion "1"]
[SourceVersionDate "2019.02.26"]
[SourceQuality "1"]

1. d4 d5 2. c4 e6 3. Nc3 Nf6 4. cxd5 exd5 5. Bg5 Be7 6. e3 h6 7. Bf4 c6 8. Bd3 Bd6 9. Nge2 Qe7 10. 0-0 Be6 11. f3 Na6 12. Bxd6 Qxd6 13. e4 dxe4 14. fxe4 Qd7 15. d5 Nb4 16. dxe6 Qxd3 17. exf7+ Kxf7 18. Qb3+ 1-0

[Event "London Classic op U1750 9th"]
[Site "London"]
[Date "2017.12.08"]
[Round "5"]
[White "Tassell, Hugh G"]
[Black "You, Garam"]
[Result "1-0"]
[WhiteElo "1595"]
[BlackElo "1442"]
[PlyCount "99"]
[EventDate "2017.12.04"]
[EventType "swiss"]
[EventRounds "5"]
[EventCountry "ENG"]
[SourceTitle "CBM 182 Extra"]
[Source "ChessBase"]
[SourceDate "2018.02.23"]
[SourceVersion "1"]
[SourceVersionDate "2018.02.23"]
[SourceQuality "1"]

1. e4 c5 2. Nc3 g6 3. Nf3 Bg7 4. d4 cxd4 5. Nxd4 Nc6 6. Nxc6 bxc6 7. Bc4 d6 8. Be3 Nf6 9. f3 0-0 10. Qd2 Nd7 11. h4 Ne5 12. Be2 a5 13. Bh6 Ba6 14. h5 Nc4 15. Bxc4 Bxc4 16. Bxg7 Kxg7 17. Qd4+ e5 18. Qxc4 Qb6 19. 0-0-0 Rab8 20. b3 Rfc8 21. Rxd6 Qe3+ 22. Kb2 Rb4 23. Qe2 Qc5 24. h6+ Kf8 25. Rhd1 Rd4 26. R6xd4 exd4 27. Na4 Qe5 28. Kb1 c5 29. Nb6 Rd8 30. a4 Qe6 31. Nc4 Qa6 32. Qd2 Rb8 33. Qf4 Rd8 34. Qc7 Ra8 35. Nd6 Qa7 36. Qxa7 Rxa7 37. Nc4 Ke7 38. c3 dxc3 39. Kc2 Ra8 40. Kxc3 Ra7 41. Rd5 Ke6 42. Rxc5 Rd7 43. Rc6+ Ke7 44. Nxa5 Rd1 45. Nc4 Rg1 46. a5 Ra1 47. Kb4 Kd7 48. Rb6 Ra2 49. a6 Kc7 50. Rf6 1-0

[Event "Asia-chT (Women) 16th"]
[Site "Guangzhou"]
[Date "2010.11.23"]
[Round "6"]
[White "You, Garam"]
[Black "Pourkashiyan, Atousa"]
[Result "0-1"]
[WhiteElo "1425"]
[BlackElo "2367"]
[PlyCount "48"]
[EventDate "2010.11.18"]
[EventType "team-swiss"]
[EventRounds "9"]
[EventCountry "CHN"]
[SourceTitle "CBM 139 Extra"]
[Source "ChessBase"]
[SourceDate "2011.01.05"]
[SourceVersion "1"]
[SourceVersionDate "2011.01.05"]
[SourceQuality "1"]
[WhiteTeam "Korea (W)"]
[BlackTeam "Iran (W)"]
[WhiteTeamCountry "KOR"]
[BlackTeamCountry "IRI"]

1. e4 c5 2. Nf3 e6 3. d4 cxd4 4. Nxd4 a6 5. Nc3 Qc7 6. Bd3 Nf6 7. 0-0 d6 8. Re1 Be7 9. Nde2 0-0 10. Kh1 b5 11. Ng1 Bb7 12. a3 Nbd7 13. f3 d5 14. exd5 Nxd5 15. Nxd5 Bxd5 16. Be3 Bd6 17. g3 Rfd8 18. Nh3 h6 19. Nf4 Bc6 20. Be2 Nf6 21. Qc1 Rac8 22. c3 Ng4 23. Kg1 Bxf4 24. Bxf4 Qa7+ 0-1

[Event "Seoul op"]
[Site "Seoul"]
[Date "2008.12.02"]
[Round "4"]
[White "Im, Seonghae"]
[Black "You, Garam"]
[Result "0-1"]
[WhiteElo "1528"]
[BlackElo "1511"]
[PlyCount "56"]
[EventDate "2008.12.01"]
[EventType "swiss"]
[EventRounds "9"]
[EventCountry "KOR"]
[SourceTitle "EXT 2010"]
[Source "ChessBase"]
[SourceDate "2010.11.25"]
[SourceVersion "1"]
[SourceVersionDate "2010.11.25"]
[SourceQuality "1"]

1. e4 e5 2. Nf3 Nc6 3. c3 Nf6 4. d4 exd4 5. cxd4 Nxe4 6. d5 Ne7 7. Nc3 Nxc3 8. bxc3 Nf5 9. Bd3 d6 10. 0-0 Be7 11. Re1 0-0 12. Bb2 Bf6 13. Rb1 Ne7 14. c4 Bxb2 15. Rxb2 Nf5 16. Qc2 Qf6 17. Qb1 b6 18. Rbe2 Bd7 19. a3 g6 20. Bc2 Rab8 21. Re4 c5 22. Nh4 Nxh4 23. Re7 Qg5 24. g3 Nf3+ 25. Kh1 Nxe1 26. Qxe1 Rfe8 27. f4 Qxe7 28. Qd1 Qe1+ 0-1

[Event "Olympiad Women-38"]
[Site "Dresden"]
[Date "2008.11.14"]
[Round "2"]
[White "Thornton, Filipina"]
[Black "You, Garam"]
[Result "1-0"]
[WhiteElo "1835"]
[BlackElo "1511"]
[PlyCount "67"]
[EventDate "2008.11.13"]
[EventType "team-swiss"]
[EventRounds "11"]
[EventCountry "GER"]
[SourceTitle "CBM 128"]
[Source "ChessBase"]
[SourceDate "2009.01.28"]
[SourceVersion "1"]
[SourceVersionDate "2009.01.28"]
[SourceQuality "1"]
[WhiteTeam "Malta (W)"]
[BlackTeam "South Korea (W)"]
[WhiteTeamCountry "MLT"]
[BlackTeamCountry "KOR"]

1. d4 d5 2. c4 e6 3. Nc3 Nf6 4. Nf3 Be7 5. Qc2 Nbd7 6. e4 dxe4 7. Nxe4 b6 8. Bd3 Bb7 9. Bg5 h6 10. Bxf6 Nxf6 11. Nxf6+ Bxf6 12. Be4 Bxe4 13. Qxe4 0-0 14. 0-0 Qe7 15. Rac1 c5 16. b3 Rfd8 17. dxc5 Qxc5 18. Rcd1 Rac8 19. Qb7 Qe7 20. Qa6 Bc3 21. a3 Bb2 22. a4 Ba3 23. Ne5 Rc5 24. f4 Qc7 25. Rxd8+ Qxd8 26. Qxa7 Qd4+ 27. Kh1 Ra5 28. Qxf7+ Kh8 29. Qe8+ Kh7 30. Qg6+ Kg8 31. Qxe6+ Kh8 32. Ng6+ Kh7 33. f5 Re5 34. Qxe5 1-0